00507 a2200157 4500020003300000020003400033082001600067100002000083245007400103250001200177260004900189300003600238650002600274650003000300650001900330 a0471987719 (Pr : alk. paper) a0471983241 (Ppc : alk. paper) a624.171 MEL aMelchers, R. E. aStructural reliability analysis and prediction /cRobert E. Melchers. a2nd ed. aChichester ;aNew York :bJohn Wiley,c1999. axviii, 437 p. :bill. ;c26 cm. aStructural stability. aReliability (Engineering) aProbabilities.